000 02356nam0a2200433 4500
001 RU\NLR\BIBL_A\012320025
005 20240415101429.0
010 _a978-5-907167-55-1
_9100
021 _aRU
_bКН-П-20-022270
_9КН-П-20-1741
035 _a(NLR Aleph) 012320025
035 _a(RuMoRGB)010324287
090 _a11416750
_c11416750
100 _a20200824d2019 k y0rusy50 ca
101 0 _arus
102 _aRU
105 _ay|||z|||000zy
181 0 _ai
_baxxe
182 0 _an
200 1 _aСоциальная поддержка различных категорий граждан: федеральный и региональный аспекты
_eмонография
_f[Руднева Л.Е., к.и.н., доц., Сапронов А.Л., к.с.н., доц., Соловьянова М.В., доц., Беленко О.Н., преп.]
_gАвтономная некоммерческая организация высшего образования "Белгородский университет кооперации, экономики и права", Курский институт кооперации (филиал)
203 _aТекст
_bвизуальный
_cнепосредственный
210 _aКурск
_cКурский институт кооперации (филиал) БУКЭП
_d2019
215 _a194 с.
_d20
300 _aАвт. указаны наобороте тит. л.
320 _aБиблиогр.: с. 178-193 (136 назв.) и в подстроч. примеч.
606 1 _aСоциальная защита
_yРоссийская Федерация
_2nlr_sh1
_2nlr_sh2
_3RU\NLR\AUTH\661269588
610 0 _aсоциальная поддержка
686 1 _aУ27(2)2
686 1 _aХ621.159
701 1 _aРуднева
_bЛ. Е.
_gЛариса Евгеньевна
701 1 _aСапронов
_bА. В.
_gАлексей Викторович
701 1 _aСоловьянова
_bМ. В.
_gМарина Викторовна
701 1 _aБеленко
_bО. Н.
_gОксана Николаевна
712 0 2 _aКурский институт кооперации
_3RU\NLR\AUTH\8810219322
_4475
942 _cBOOK
980 _aNBR
980 _aNB